00557nam a2200121Ia 4500008004100000020001800041100007500059245011100134260002700245650002200272650009800294856004300392171212s9999 xx 000 0 und d a9780833050908 aRabasa, Angel;Pettyjohn, Stacie L.;Ghez, Jeremy J.;Boucek, Christopher cRabasa, Angel;Pettyjohn, Stacie L.;Ghez, Jeremy J.;Boucek, ChristopheraDeradicalizing Islamist Extremists bRAND Corporationc2010 aPolitical Science aTerrorism -- Prevention -- Case studies; Extremists; Radicalism -- Religious aspects -- Islam uwww.jstor.org/stable/10.7249/mg1053srf